| 000 | 00893nam a22002177a 4500 | ||
|---|---|---|---|
| 003 | CBULib | ||
| 005 | 20240528130505.0 | ||
| 008 | 231123b |||||||| |||| 00| 0 eng d | ||
| 040 |
_aCBULib _bEnglish _cCBULib _dCBULib _erda |
||
| 050 | _aUNECA(08)BSP/1998/02A | ||
| 110 |
_aUnited Nations Economic Commissions for Africa (UNECA) _9631 |
||
| 245 |
_aBriefing Commission for Africa :emerging trends in the negotiations under WTO: Pertinent issues of Concern to African countries :globalization and liberalization of Markets : prospects for African exports _c/by United Nations Commission for Africa |
||
| 260 |
_aAddis Ababa : _bUnited Nations _c1998 |
||
| 300 | _aiii,21 pages. | ||
| 336 |
_2rdacontent _aText | _btxt |
||
| 337 |
_2rdamedia _aUnmediated | _bc |
||
| 338 |
_2rdacarrier _aVolume _bnc |
||
| 490 |
_aBriefing Paper Series _xNO.2 |
||
| 504 | _aincludes references | ||
| 942 |
_2mc _c029 |
||
| 999 |
_c83564 _d83564 |
||